In Dingsda /

Hlavní autor: Schlaf, Johannes, 1862-1941
Jazyk: Němčina
Vydáno: Leipzig : im Insel-Verlag, [1912]
Vydání: 3. Auflage, 41.-50. Tausend
Edice: Insel-Bücherei
Témata:
Fyzický popis: 89 stran ;
Knihy
Uloženo v:
LEADER 01011nam a22003137i 4500
001 001879123
003 CZ BrMZK
005 20231207103423.0
007 ta
008 231207s1912 gw er|||||||||||ger d
040 |a BOD001  |b cze  |d BOA001  |e rda 
072 7 |a 821.112.2-3  |x Německá próza, německy psaná  |2 Konspekt  |9 25 
080 |a 821.112.2-32  |2 MRF 
100 1 |a Schlaf, Johannes,  |d 1862-1941  |7 jn20010316179  |4 aut 
245 1 0 |a In Dingsda /  |c von Johannes Schlaf 
250 |a 3. Auflage, 41.-50. Tausend 
264 1 |a Leipzig :  |b im Insel-Verlag,  |c [1912] 
300 |a 89 stran ; 
336 |a text  |b txt  |2 rdacontent 
337 |a bez média  |b n  |2 rdamedia 
338 |a svazek  |b nc  |2 rdacarrier 
490 1 |a Insel-Bücherei ;  |v Nr. 20 
655 7 |a německé příběhy  |7 fd132944  |2 czenas 
830 0 |a Insel-Bücherei 
910 |a BOA001  |b 1-0086.853,20 
990 |a BK 
993 |a Y 
991 |b 202312 
996 6 |b 2618753290  |c 1-0086.853,20  |l MZK  |r Sklad / do 1 hodiny  |n 0  |w 001946579  |u 000010  |a 1  |e BOA001  |j MZK50  |s P